|
|
|
|
| LEADER |
00000nta a2200000 i 4500 |
| 001 |
dolg38186 |
| 005 |
20211112082455.0 |
| 008 |
211112s2014 hu om 000 hun d |
| 040 |
|
|
|a BGE Dolgozattár Repozitórium
|b hun
|
| 041 |
|
|
|a hu
|
| 100 |
1 |
|
|a Pintér Barbara
|
| 245 |
1 |
0 |
|a Hatékonyságnövelés a készletezés terén a Xerox Magyarország Kft. budapesti Platform esetében
|c Pintér Barbara
|h [elektronikus dokumentum]
|
| 260 |
|
|
|c 2014
|
| 695 |
|
|
|a Készletgazdálkodás
|
| 695 |
|
|
|a Hatékonyság
|
| 700 |
1 |
|
|a Nincs adat Nincs adat
|e ths
|
| 856 |
4 |
0 |
|u http://dolgozattar.uni-bge.hu/38186/1/D_17048_TUFK7W%20-%20Pint%C3%A9r%20Barbara.pdf
|z Dokumentum-elérés
|